| 000 | 00625nam a2200205Ia 4500 | ||
|---|---|---|---|
| 003 | GCL | ||
| 008 | 140319s9999 xx 000 0 ara d | ||
| 020 | _a?295103977 | ||
| 040 |
_aGCL / _cGCL |
||
| 082 | 0 | 4 |
_a808.068 _bم ح |
| 100 | 1 | _aمصطفى الصاوى الجوينى | |
| 245 | 1 | 0 |
_aحول ادب الاطفال / _cمصطفى الصاوى الجوينى |
| 260 |
_a[S.N] : _bمنشاة المعارف ، _c1986 |
||
| 300 |
_a150 ؛ _c22 سم |
||
| 490 | _a | ||
| 650 | 0 | 4 | _aالادب العربى |
| 650 | 0 | 4 | _aالمجموعات |
| 650 | 0 | 4 | _aادب الاطفال - تاريخ ونقد |
| 942 |
_2ddc _cBK |
||
| 999 |
_c31900 _d31900 |
||